[Event "Xtracon Chess Open 2017"]
[Site "Helsingor DEN"]
[Date "2017.07.27"]
[Round "7.66"]
[White "Skovgaard, Ib"]
[Black "Vestby-Ellingsen, Mads"]
[Result "0-1"]
[WhiteElo "2016"]
[BlackElo "2175"]
[WhiteFideId "1406760"]
[BlackFideId "1520857"]
[EventDate "2017.07.22"]

1. e4 e5 2. Nf3 Nc6 3. Bb5 a6 4. Ba4 Nf6 5. d4 exd4 6. e5 Ne4 7. c3 dxc3 8. O-O
Be7 9. Re1 Nc5 10. Bc2 cxb2 11. Bxb2 O-O 12. Nc3 d6 13. Nd5 Be6 14. Nd4 Bxd5 15.
exd6 Bxd6 16. Qh5 h6 17. h4 Nxd4 18. Bxd4 Ne6 19. Bxg7 Nxg7 20. Qxh6 f5 21. Rad1
c6 22. Bb3 Qf6 23. Rxd5 Qxh6 24. Rxd6+ Kh7 25. Rxh6+ Kxh6 0-1

[Event "Xtracon Chess Open 2017"]
[Site "Helsingor DEN"]
[Date "2017.07.27"]
[Round "7.67"]
[White "Thybo, Thomas Sondergaard"]
[Black "Thuesen, Mogens"]
[Result "0-1"]
[WhiteElo "1999"]
[BlackElo "2170"]
[WhiteFideId "1441299"]
[BlackFideId "1400878"]
[EventDate "2017.07.22"]

1. e4 c5 2. Nc3 e6 3. Nf3 Nc6 4. d4 cxd4 5. Nxd4 Nf6 6. Be2 Bb4 7. Nxc6 bxc6 8.
O-O d5 9. Qd4 Qb6 10. Be3 Qxd4 11. Bxd4 dxe4 12. f3 exf3 13. Bxf3 Bb7 14. Na4
O-O 15. Nc5 Bxc5 16. Bxc5 Rfd8 17. Rfd1 h6 18. a4 e5 19. a5 e4 20. Be2 a6 21. c4
Rd7 22. Bb6 Re8 23. b4 Rde7 24. b5 axb5 25. cxb5 cxb5 26. Bxb5 Rc8 27. a6 Ba8
28. a7 Nd5 29. Bd4 e3 30. Rdc1 Rec7 31. Rxc7 Rxc7 32. Kf1 f5 33. Ke2 Rc2+ 34.
Kf1 f4 35. Be5 g5 36. Bd3 Rf2+ 37. Kg1 Nb4 38. Bc4+ Kh7 39. Ra4 Rxg2+ 40. Kf1
Rf2+ 41. Kg1 Rc2 42. Bf1 f3 0-1

[Event "Xtracon Chess Open 2017"]
[Site "Helsingor DEN"]
[Date "2017.07.27"]
[Round "7.68"]
[White "Guindy, Esmat Susanne"]
[Black "Bjorneboe, Kristian"]
[Result "1-0"]
[WhiteTitle "WFM"]
[WhiteElo "2158"]
[BlackElo "2023"]
[WhiteFideId "1401637"]
[BlackFideId "1424718"]
[EventDate "2017.07.22"]

1. d4 Nf6 2. Nf3 d5 3. c4 e6 4. Nc3 Be7 5. Bg5 O-O 6. Qc2 h6 7. Bh4 Ne4 8. Bxe7
Qxe7 9. e3 Nxc3 10. bxc3 Nd7 11. cxd5 exd5 12. Bd3 Nb6 13. O-O Be6 14. Ne5 c5
15. f4 cxd4 16. cxd4 Rfc8 17. Qf2 f6 18. Nf3 Rc3 19. Qd2 Qa3 20. Ne1 Rac8 21. f5
Bf7 22. g4 Nc4 23. Bxc4 R8xc4 24. Rf3 Be8 25. Rb1 b6 26. Rb2 Ba4 27. Rg3 Bc2 28.
Rxc2 Rxc2 29. Nxc2 Qxa2 30. Rg2 Qb1+ 31. Ne1 Rc1 32. Kf2 Rd1 33. Qe2 a5 34. Nf3
a4 35. Kg3 b5 36. Qf2 Qe4 1-0

[Event "Xtracon Chess Open 2017"]
[Site "Helsingor DEN"]
[Date "2017.07.27"]
[Round "7.69"]
[White "Eriksson, Christian Altenburg"]
[Black "Magnusson, Magnus"]
[Result "1-0"]
[WhiteElo "2156"]
[BlackElo "2005"]
[WhiteFideId "1412159"]
[BlackFideId "2302128"]
[EventDate "2017.07.22"]

1. e4 e5 2. Nf3 Nc6 3. d4 exd4 4. Nxd4 Qh4 5. Nc3 Bb4 6. Be2 d6 7. O-O Bxc3 8.
bxc3 Nxd4 9. cxd4 h5 10. e5 d5 11. c4 Be6 12. Rb1 b6 13. Qa4+ Bd7 14. Qb3 Qxd4
15. Bb2 dxc4 16. Qf3 1-0

[Event "Xtracon Chess Open 2017"]
[Site "Helsingor DEN"]
[Date "2017.07.27"]
[Round "7.70"]
[White "Samaganova, Alexandra"]
[Black "Deur Saric, Zrinka"]
[Result "1-0"]
[BlackTitle "WFM"]
[WhiteElo "1992"]
[BlackElo "2152"]
[WhiteFideId "13800221"]
[BlackFideId "14512670"]
[EventDate "2017.07.22"]

1. c4 c5 2. Nf3 Nc6 3. e3 Nf6 4. Nc3 g6 5. d4 cxd4 6. exd4 d6 7. d5 Nb8 8. Be3
Bg7 9. Qd2 h5 10. h3 Nbd7 11. Bd3 Nc5 12. Bc2 Bd7 13. O-O Rc8 14. Rae1 O-O 15.
Bh6 Re8 16. Bxg7 Kxg7 17. Ng5 Na6 18. Qf4 b5 19. cxb5 Nc7 20. Bd3 Rb8 21. a4 a6
22. Re3 axb5 23. axb5 Bxb5 24. Nxb5 Ncxd5 25. Qc4 e6 26. Rg3 Rf8 27. Bxg6 Kxg6
28. Qd3+ 1-0

[Event "Xtracon Chess Open 2017"]
[Site "Helsingor DEN"]
[Date "2017.07.27"]
[Round "7.71"]
[White "Nielsen, Thomas Bach2"]
[Black "Henningsen, Lasse"]
[Result "1-0"]
[WhiteElo "2144"]
[BlackElo "1988"]
[WhiteFideId "1401785"]
[BlackFideId "1425315"]
[EventDate "2017.07.22"]

1. d4 d5 2. c4 e6 3. Nc3 Nf6 4. cxd5 exd5 5. Bg5 c6 6. e3 Be7 7. Bd3 O-O 8. Nge2
Nbd7 9. Ng3 Re8 10. Nf5 Bf8 11. Qf3 Kh8 12. g4 Re6 13. O-O-O Qe8 14. Ng3 g6 15.
h4 Bg7 16. h5 Kg8 17. hxg6 fxg6 18. e4 dxe4 19. Ngxe4 Nd5 20. Qh3 Nf8 21. Nc5
Nxc3 22. bxc3 Rd6 23. Bc4+ Rd5 24. Rde1 Qf7 25. Re7 Qxf2 1-0

[Event "Xtracon Chess Open 2017"]
[Site "Helsingor DEN"]
[Date "2017.07.27"]
[Round "7.72"]
[White "Larsen, Ulrik"]
[Black "Wahlund, Max"]
[Result "1-0"]
[WhiteElo "1971"]
[BlackElo "2142"]
[WhiteFideId "1441167"]
[BlackFideId "1741861"]
[EventDate "2017.07.22"]

1. e4 e5 2. Nf3 Nc6 3. Bb5 a6 4. Ba4 Nf6 5. Qe2 d6 6. c3 Bg4 7. h3 Bh5 8. d3 Be7
9. Nbd2 O-O 10. Nf1 b5 11. Bb3 d5 12. Ng3 Bg6 13. O-O d4 14. Bd2 Qd7 15. Rac1
Rac8 16. cxd4 Nxd4 17. Nxd4 Qxd4 18. Bc3 Qd6 19. d4 Qb6 20. dxe5 Nd7 21. Nf5 Bg5
22. Qg4 Bxf5 23. exf5 Bxc1 24. e6 Bh6 25. exd7 Rb8 26. f6 Rfd8 27. Re1 b4 28.
Bxf7+ Kxf7 29. Re7+ Kf8 30. Qc4 1-0

[Event "Xtracon Chess Open 2017"]
[Site "Helsingor DEN"]
[Date "2017.07.27"]
[Round "7.73"]
[White "Bogdanov, Dimitri"]
[Black "Hakansson, Stefan"]
[Result "1-0"]
[WhiteElo "2139"]
[BlackElo "1976"]
[WhiteFideId "1405829"]
[BlackFideId "1708198"]
[EventDate "2017.07.22"]

1. e4 c5 2. Nc3 Nc6 3. f4 d6 4. Nf3 g6 5. Bb5 Bd7 6. O-O Bg7 7. d3 Nd4 8. Bxd7+
Qxd7 9. Nxd4 cxd4 10. Ne2 e5 11. c3 dxc3 12. bxc3 Nf6 13. f5 Ng8 14. Rb1 Rb8 15.
Bg5 f6 16. fxg6 hxg6 17. Be3 b6 18. Rf3 Bh6 19. Bxh6 Rxh6 20. Qb3 Kf8 21. d4 Kg7
22. Rd1 Qe7 23. Ng3 Qf7 24. dxe5 dxe5 25. Qa4 b5 26. Qa6 Kh8 27. Rfd3 Rb7 28.
Rd8 Rh7 29. R1d6 Kg7 30. Qc6 Kh6 31. Qc8 Rg7 32. Qg4 Kh7 33. Qh4+ Nh6 34. Rh8+
Kxh8 35. Qxh6+ Rh7 36. Rd8+ Qg8 37. Rxg8+ 1-0

[Event "Xtracon Chess Open 2017"]
[Site "Helsingor DEN"]
[Date "2017.07.27"]
[Round "7.74"]
[White "Kirkebaekke, Mark"]
[Black "Preuss, Flemming"]
[Result "1-0"]
[WhiteElo "1716"]
[BlackElo "1986"]
[WhiteFideId "1414917"]
[BlackFideId "1403338"]
[EventDate "2017.07.22"]

1. e4 d6 2. d4 Nf6 3. Nc3 e5 4. f4 exd4 5. Qxd4 Nc6 6. Qf2 Be7 7. Be2 d5 8. exd5
Nxd5 9. Bc4 Nxc3 10. bxc3 O-O 11. Be3 Bf6 12. Ne2 Re8 13. O-O b6 14. Qf3 Qe7 15.
Bd4 Bd7 16. Rfe1 Rad8 17. Rad1 Na5 18. Bd3 c5 19. Ng3 Bxd4+ 20. cxd4 Qd6 21.
Rxe8+ Rxe8 22. d5 c4 23. Be4 g6 24. f5 Nb7 25. Rf1 Qc5+ 26. Kh1 Qe7 27. fxg6
hxg6 28. c3 Nd6 29. Bb1 Kg7 30. h3 f5 31. Qf4 Qe5 32. Qg5 Nf7 33. Nh5+ Kf8 34.
Qxg6 Qe2 35. Rf4 Qd1+ 36. Kh2 Qxb1 37. d6 Re1 38. Qg7+ Ke8 39. Qg8# 1-0

[Event "Xtracon Chess Open 2017"]
[Site "Helsingor DEN"]
[Date "2017.07.27"]
[Round "7.75"]
[White "Christiansen, Jens Jorgen"]
[Black "Greeuw, Sietske"]
[Result "1-0"]
[WhiteElo "2131"]
[BlackElo "1964"]
[WhiteFideId "1401670"]
[BlackFideId "1020285"]
[EventDate "2017.07.22"]

1. d4 Nf6 2. c4 c5 3. d5 e6 4. Nc3 exd5 5. cxd5 d6 6. Nf3 g6 7. g3 Bg7 8. Bg2
O-O 9. O-O Re8 10. Re1 Ne4 11. Nxe4 Rxe4 12. Nd2 Re8 13. e4 b5 14. a4 bxa4 15.
Qxa4 Na6 16. Qc6 Nb4 17. Qxa8 Nc2 18. Nf3 Nxa1 19. Bg5 Qa5 20. Qc6 Rf8 21. Bd2
Qa2 22. Qxd6 Nc2 23. Rc1 Nd4 24. Nxd4 cxd4 25. Qa3 Qxa3 26. bxa3 f5 27. f3 Re8
28. Rc7 a6 29. Bh3 Be5 30. Rc6 Kf7 31. f4 Bb8 32. e5 Bb7 33. Rf6+ Kg7 34. Bf1
Rc8 35. Rb6 Rc7 36. d6 Rd7 37. e6 1-0

[Event "Xtracon Chess Open 2017"]
[Site "Helsingor DEN"]
[Date "2017.07.27"]
[Round "7.76"]
[White "Storme, Isak"]
[Black "Hjornevik, Knut J"]
[Result "1-0"]
[WhiteElo "2129"]
[BlackElo "1952"]
[WhiteFideId "1728113"]
[BlackFideId "1505157"]
[EventDate "2017.07.22"]

1. d4 Nf6 2. c4 e6 3. Nc3 Bb4 4. e3 O-O 5. Ne2 d5 6. a3 Bd6 7. Ng3 dxc4 8. Bxc4
h6 9. O-O Nc6 10. f4 a6 11. b4 b6 12. Bb2 Bb7 13. d5 exd5 14. Nxd5 Ne8 15. Nh5
Qh4 16. Nxg7 1-0

[Event "Xtracon Chess Open 2017"]
[Site "Helsingor DEN"]
[Date "2017.07.27"]
[Round "7.77"]
[White "Jacobsen, Per"]
[Black "Overmark, Ole"]
[Result "0-1"]
[WhiteElo "1575"]
[BlackElo "1767"]
[WhiteFideId "1413856"]
[BlackFideId "1410776"]
[EventDate "2017.07.22"]

1. d4 Nf6 2. e3 d5 3. f4 c5 4. c3 Nc6 5. Nf3 Bf5 6. Be2 e6 7. O-O Be7 8. Ne5 O-O
9. Nd2 cxd4 10. exd4 Nxe5 11. fxe5 Ne4 12. Bd3 Nxc3 13. Qc2 Ne2+ 14. Kh1 Nxd4
15. Qb1 Rc8 16. Nf3 Nxf3 17. Bxf5 exf5 18. Rxf3 g6 19. Bh6 Re8 20. Qd3 Bg5 0-1

[Event "Xtracon Chess Open 2017"]
[Site "Helsingor DEN"]
[Date "2017.07.27"]
[Round "7.78"]
[White "Sorensen, Bernhard W."]
[Black "Undheim, Bjarne"]
[Result "1-0"]
[WhiteElo "1686"]
[BlackElo "1882"]
[WhiteFideId "1442074"]
[BlackFideId "1506862"]
[EventDate "2017.07.22"]

1. d4 d5 2. Bf4 Nf6 3. e3 e6 4. Nf3 Bd6 5. Bg3 O-O 6. Nbd2 c6 7. c3 Re8 8. Bd3
Qc7 9. Ne5 Nfd7 10. Bxh7+ Kf8 11. Qh5 Nf6 12. Qh4 Rd8 13. Ndf3 Qb6 14. Ng5 Qxb2
15. O-O Be7 16. Bg6 fxg6 17. Qh8+ Ng8 18. Nh7+ 1-0

[Event "Xtracon Chess Open 2017"]
[Site "Helsingor DEN"]
[Date "2017.07.27"]
[Round "7.79"]
[White "Huse, Sigurd Kjelsbol"]
[Black "Nielsen, John Bauneborg"]
[Result "1/2-1/2"]
[WhiteElo "1944"]
[BlackElo "2125"]
[WhiteFideId "1520717"]
[BlackFideId "1402439"]
[EventDate "2017.07.22"]

1. e4 c5 2. Nf3 Nc6 3. Bb5 g6 4. Bxc6 dxc6 5. d3 Bg7 6. O-O Nf6 7. h3 O-O 8. Nc3
Nd7 9. Be3 e5 10. Qd2 Re8 11. Bh6 Nf8 12. Bxg7 Kxg7 13. Ne2 Qd6 14. Qc3 f6 15.
Nd2 Ne6 16. Nc4 Qc7 17. Qd2 Nd4 18. Nxd4 cxd4 19. f4 b5 20. Na5 Bd7 21. fxe5
Qxe5 22. b4 c5 23. bxc5 Rac8 24. Qf2 Be6 25. Nb3 Red8 26. Rac1 b4 27. Ra1 Rd7
28. a3 bxa3 29. Rxa3 Bxb3 30. cxb3 Rxc5 31. Ra6 Rf7 32. Ra4 Rc3 33. Qxd4 Qxd4+
34. Rxd4 Rxb3 35. Ra1 1/2-1/2

[Event "Xtracon Chess Open 2017"]
[Site "Helsingor DEN"]
[Date "2017.07.27"]
[Round "7.80"]
[White "Hein, Jacob"]
[Black "Hviid, Hans Henrik"]
[Result "1-0"]
[WhiteElo "1479"]
[BlackElo "1263"]
[WhiteFideId "1402870"]
[BlackFideId "1425374"]
[EventDate "2017.07.22"]

1. e4 e5 2. Nf3 d6 3. h3 Nc6 4. c3 a6 5. d4 exd4 6. Nxd4 Nxd4 7. cxd4 g6 8. Be3
Bg7 9. Nc3 c6 10. Qd2 Qa5 11. a3 c5 12. Nd5 Qxd2+ 13. Bxd2 Kd8 14. Ba5+ Kd7 15.
Nb6+ Kc6 16. Nxa8 Bxd4 17. Bc4 Nf6 18. O-O b5 19. Bd5+ Nxd5 20. exd5+ Kxd5 21.
Nc7+ Kc6 22. Rae1 Bxb2 23. Re8 Rxe8 24. Nxe8 Kd7 25. Re1 Bxa3 26. Nf6+ Kc6 27.
Re7 b4 28. Bd8 Bb2 29. Rc7+ Kb5 30. Ne4 Be6 31. Nxd6+ Ka4 32. Rxc5 Kb3 33. Kf1
Bc4+ 34. Rxc4 Ka3 35. Rc6 Ka2 36. Rxa6+ Ba3 37. Be7 b3 38. Nc4 b2 39. Nxb2 Kxb2
40. Rxa3 Kc2 41. Ke2 f5 42. Bf6 h6 43. Rc3+ Kb2 44. Kd3 Kb1 45. Kc4 Kb2 46. Rg3+ 1-0

[Event "Xtracon Chess Open 2017"]
[Site "Helsingor DEN"]
[Date "2017.07.27"]
[Round "7.81"]
[White "Voll, Oddvar U"]
[Black "Aroven, Mikael"]
[Result "1-0"]
[WhiteElo "1942"]
[BlackElo "2114"]
[WhiteFideId "1533827"]
[BlackFideId "1709534"]
[EventDate "2017.07.22"]

1. e4 c5 2. Nf3 g6 3. c3 Bg7 4. d4 cxd4 5. cxd4 d5 6. e5 Bg4 7. Qa4+ Nc6 8. Bb5
Rc8 9. Nbd2 a6 10. Bxc6+ Rxc6 11. O-O Nh6 12. h3 Bf5 13. Nb3 Bc2 14. Bd2 O-O 15.
Rac1 Qc7 16. Qa5 b6 17. Qxa6 f6 18. Qb5 Rc8 19. exf6 exf6 20. Qxd5+ Kh8 21. Na1
Rd8 22. Bf4 Qc8 23. Qb5 Be4 24. Rxc6 Qxc6 25. Qxc6 Bxc6 26. Bc7 Rd7 27. Bxb6 Rb7
28. Bc5 Rxb2 29. a3 Nf7 30. Rc1 Bh6 31. Rd1 Bd5 32. Ne1 Be4 33. Bb4 Kg8 34. f3
Be3+ 35. Kh1 Bf5 36. g4 Bc8 37. Nac2 Bf2 38. d5 Bd7 39. Bc3 Ra2 40. Bxf6 Ba4 41.
Ra1 Rxa1 42. Bxa1 Bg3 43. Kg2 Bh4 44. Bc3 Bxe1 45. Nxe1 Bb3 46. h4 Bxd5 47. Kg3
Bc6 48. Nd3 Nd6 49. Ne5 Bb5 50. Bb4 Nf7 51. f4 Nh6 52. Kf3 Kg7 53. Ke4 Be2 54.
Ke3 Bd1 55. Kd2 Ba4 56. Be7 Bb5 57. Ke3 Ba4 58. Bg5 Ng8 59. Kd4 Nf6 60. Bxf6+
Kxf6 61. Ke4 Bc2+ 62. Kf3 Bd1+ 63. Kg3 Ke6 64. Nf3 h6 65. f5+ gxf5 66. Nd4+ Ke5
67. Nxf5 h5 68. Ne3 Be2 69. Kf2 Bb5 70. gxh5 Be8 71. h6 Kf6 72. Kg3 Kg6 73. Ng4
Ba4 74. h5+ Kh7 75. Kf4 Bc2 76. Kg5 Bd1 77. Nf6+ Kh8 78. Ne4 Bc2 79. Nc5 Kg8 80.
a4 Kf7 81. a5 Bd1 82. a6 Bf3 83. a7 1-0

[Event "Xtracon Chess Open 2017"]
[Site "Helsingor DEN"]
[Date "2017.07.27"]
[Round "7.82"]
[White "Johansen, Oivind"]
[Black "Strachan, Christian C."]
[Result "1-0"]
[WhiteTitle "FM"]
[WhiteElo "2108"]
[BlackElo "1938"]
[WhiteFideId "1501119"]
[BlackFideId "1417215"]
[EventDate "2017.07.22"]

1. d4 d5 2. Nf3 c6 3. c4 Nf6 4. Nc3 a6 5. c5 Nbd7 6. Bf4 Nh5 7. Bd2 Nhf6 8. h3
g6 9. Bf4 Bg7 10. e3 O-O 11. Be2 Re8 12. O-O h6 13. b4 Nh5 14. Bh2 f5 15. Qc2
Nhf6 16. Nh4 Nf8 17. f3 e6 18. g3 g5 19. Ng2 Qe7 20. Bd3 h5 21. Rad1 N8d7 22. g4
hxg4 23. Bd6 Qd8 24. hxg4 Nf8 25. gxf5 exf5 26. Bxf5 Bxf5 27. Qxf5 Ne6 28. e4
Nh5 29. Ne2 Qd7 30. exd5 cxd5 31. Qxd5 Kh8 32. f4 Nhxf4 33. Nexf4 Nxf4 34. Nxf4 1-0

[Event "Xtracon Chess Open 2017"]
[Site "Helsingor DEN"]
[Date "2017.07.27"]
[Round "7.83"]
[White "Mehringer, Joerg"]
[Black "Kunz, Andre"]
[Result "0-1"]
[WhiteElo "1918"]
[BlackElo "2103"]
[WhiteFideId "12915351"]
[BlackFideId "24623652"]
[EventDate "2017.07.22"]

1. e4 c6 2. d4 d5 3. e5 Bf5 4. h4 h5 5. Bg5 Qb6 6. Bd3 Qxd4 7. Nf3 Qg4 8. O-O f6
9. Bc1 Nd7 10. Bxf5 Qxf5 11. Nd4 Qxe5 12. Re1 Qd6 13. Ne6 Ne5 14. Nd4 Ng4 15. g3
e5 16. b3 Ne7 17. Ba3 Qd7 18. Nf3 O-O-O 19. Nc3 Nf5 20. Bxf8 Rhxf8 21. Na4 Rfe8
22. Qd2 b6 23. Rad1 e4 24. Nd4 e3 25. fxe3 Nfxe3 0-1

[Event "Xtracon Chess Open 2017"]
[Site "Helsingor DEN"]
[Date "2017.07.27"]
[Round "7.84"]
[White "Stern, Geoffrey"]
[Black "Petersson, Baldur Teodor"]
[Result "0-1"]
[WhiteElo "1897"]
[BlackElo "2086"]
[WhiteFideId "4002679"]
[BlackFideId "2309157"]
[EventDate "2017.07.22"]

1. d4 Nf6 2. Nc3 d5 3. Bg5 Nbd7 4. e3 e6 5. Nf3 Be7 6. Bd3 O-O 7. O-O c5 8. Re1
b6 9. e4 c4 10. Bf1 dxe4 11. Ne5 Nxe5 12. dxe5 Nd7 13. Bxe7 Qxe7 14. Rxe4 Bb7
15. Re1 Rfd8 16. Qg4 Rac8 17. Rad1 a6 18. Ne4 Bxe4 19. Qxe4 Qc5 20. Qd4 b5 21.
g3 Qxd4 22. Rxd4 Nb8 23. Red1 Rxd4 24. Rxd4 Nc6 25. Rd6 Nxe5 26. Bg2 c3 27. b3
g5 28. Bb7 Rc5 29. Rxa6 Rc7 30. f4 gxf4 31. gxf4 Nd3 32. Be4 Nxf4 33. Rd6 Ra7
34. Kf2 f5 35. Bd3 Nxd3+ 36. Rxd3 b4 37. Ke3 Rxa2 38. Rd8+ Kf7 39. Kd3 e5 40.
Rb8 e4+ 41. Ke3 Rxc2 42. Rxb4 Rxh2 43. Rc4 Ke6 44. b4 Rb2 45. Kf4 c2 46. Rc6+
Kd5 47. Rc5+ Kd4 0-1

[Event "Xtracon Chess Open 2017"]
[Site "Helsingor DEN"]
[Date "2017.07.27"]
[Round "7.85"]
[White "Gula, Julian"]
[Black "Winfridsson, Hakan"]
[Result "1-0"]
[WhiteElo "1869"]
[BlackElo "2081"]
[WhiteFideId "12954799"]
[BlackFideId "1706292"]
[EventDate "2017.07.22"]

1. d4 d5 2. c4 c6 3. Nf3 Nf6 4. Qc2 e6 5. Nbd2 Be7 6. g3 O-O 7. Bg2 Nbd7 8. O-O
Qc7 9. b3 e5 10. dxe5 Nxe5 11. Bb2 Nxf3+ 12. Bxf3 Be6 13. e4 dxe4 14. Nxe4 Nxe4
15. Qxe4 Rad8 16. Bg4 Bxg4 17. Qxg4 g6 18. Rfd1 f5 19. Qe2 Bf6 20. Rxd8 Qxd8 21.
Rd1 Qc8 22. Bxf6 Rxf6 23. Qe7 1-0

[Event "Xtracon Chess Open 2017"]
[Site "Helsingor DEN"]
[Date "2017.07.27"]
[Round "7.86"]
[White "Solli, Oddvar"]
[Black "Andersson, Kaj"]
[Result "1/2-1/2"]
[WhiteElo "1738"]
[BlackElo "2063"]
[WhiteFideId "1501208"]
[BlackFideId "1709860"]
[EventDate "2017.07.22"]

1. Nf3 c5 2. c4 Nf6 3. g3 e6 4. Bg2 d5 5. cxd5 exd5 6. O-O Nc6 7. d4 cxd4 8.
Nxd4 Be7 9. Nc3 O-O 10. Bg5 h6 11. Be3 Re8 12. Rc1 Be6 13. Nxc6 bxc6 14. Na4 Qa5
15. Bc5 Rac8 16. Bxe7 Rxe7 17. Rc5 Qa6 18. b4 Bf5 19. e3 Bd3 20. Ra5 Qc4 21. Rc5
Qxb4 22. Qxd3 Qxa4 23. Qc3 Qa6 24. Rc1 Rec7 25. Bh3 Ne4 26. Bxc8 Qxc8 27. Qd4
Nxc5 28. Rxc5 Qf5 29. Ra5 Qb1+ 30. Kg2 Qb6 31. Rc5 Re7 32. Qc3 Re6 33. Qa3 Qb7
34. Ra5 Re7 35. Rc5 Re6 36. Ra5 Re7 37. Rc5 Rc7 38. Ra5 d4 39. exd4 c5+ 40. Qf3
cxd4 41. Qxb7 Rxb7 42. Kf3 Rd7 43. Ke2 Kf8 1/2-1/2

[Event "Xtracon Chess Open 2017"]
[Site "Helsingor DEN"]
[Date "2017.07.27"]
[Round "7.87"]
[White "Jensen, Morten Frank"]
[Black "Nielsen, Morten Majlund"]
[Result "1/2-1/2"]
[WhiteElo "2063"]
[BlackElo "1927"]
[WhiteFideId "1407325"]
[BlackFideId "1445448"]
[EventDate "2017.07.22"]

1. Nf3 Nf6 2. c4 g6 3. b4 Bg7 4. Bb2 O-O 5. g3 c6 6. Bg2 d5 7. O-O a5 8. cxd5
axb4 9. dxc6 Nxc6 10. a3 Be6 11. axb4 Nxb4 12. d3 Qb6 13. Bd4 Qc7 14. Be5 Qb6
15. Nbd2 Nc6 16. Rb1 Qa6 17. Bc3 Rfc8 18. Ra1 Qb6 19. Qb1 Qxb1 20. Raxb1 Ra7 21.
Rb2 Bd5 22. e4 Nxe4 23. Nxe4 Bxe4 24. Bxg7 Bxf3 25. Bxf3 Kxg7 26. Rc1 Rc7 27. d4
Rd7 28. Bxc6 1/2-1/2

[Event "Xtracon Chess Open 2017"]
[Site "Helsingor DEN"]
[Date "2017.07.27"]
[Round "7.88"]
[White "Salerno, Christian"]
[Black "Oland, Arne"]
[Result "1-0"]
[WhiteElo "2056"]
[BlackElo "1912"]
[WhiteFideId "1310810"]
[BlackFideId "1422081"]
[EventDate "2017.07.22"]

1. e4 c6 2. d4 d5 3. exd5 cxd5 4. c4 Nf6 5. Nc3 Nc6 6. Bg5 Be6 7. c5 h6 8. Bxf6
exf6 9. a3 Be7 10. Be2 O-O 11. Bf3 Qd7 12. h3 Rad8 13. b4 f5 14. Nge2 b6 15. O-O
bxc5 16. bxc5 Rb8 17. Qa4 Rb7 18. Rab1 Rfb8 19. Rxb7 Rxb7 20. Nf4 Bf6 21. Rd1
Ne7 22. Qxd7 Rxd7 23. g3 g5 24. Nfe2 Rb7 25. Bg2 Rb3 26. a4 a6 27. Kf1 f4 28.
gxf4 gxf4 29. Ke1 Bh4 30. Rb1 Rxb1+ 31. Nxb1 Nc6 32. Nbc3 Bf6 33. Bxd5 Nxd4 34.
Nxf4 Bxd5 35. Ncxd5 Be5 36. Nd3 f6 37. f4 Bb8 38. Nxf6+ Kf7 39. Ng4 Kg6 40. Ne3
Kf6 41. Kf2 Ne6 42. Kf3 Ba7 43. Nd5+ Kf5 44. Ne3+ Kf6 45. Ng4+ Kg7 46. Ke4 Nxc5+
47. Nxc5 Bxc5 48. Kd5 Bb4 49. Ke6 Bc3 50. f5 h5 51. f6+ Kg6 52. f7 Bb4 53. Ne3
a5 54. h4 Kg7 55. Nf5+ Kf8 56. Kf6 Be7+ 57. Ke6 Bb4 58. Ng3 Be1 59. Nxh5 Bxh4
60. Nf4 Kg7 1-0

[Event "Xtracon Chess Open 2017"]
[Site "Helsingor DEN"]
[Date "2017.07.27"]
[Round "7.89"]
[White "Kocur, Johan"]
[Black "Rolstad, Morten"]
[Result "1-0"]
[WhiteElo "2055"]
[BlackElo "1720"]
[WhiteFideId "202614"]
[BlackFideId "1525026"]
[EventDate "2017.07.22"]

1. Nf3 Nf6 2. g3 b6 3. Bg2 Bb7 4. c4 e6 5. Nc3 Be7 6. O-O O-O 7. Re1 d5 8. cxd5
exd5 9. d4 c5 10. b3 Nc6 11. dxc5 bxc5 12. e3 Rc8 13. Bb2 Qa5 14. Nxd5 Nxd5 15.
Qxd5 Rfd8 16. Qf5 h6 17. Ne5 Nxe5 18. Bxb7 Rc7 19. Be4 Ng6 20. Bd5 Nh8 21. Red1
Qa6 22. Be4 Ng6 23. Rxd8+ Bxd8 24. h4 Bf6 25. Bxf6 Qxf6 26. Qxf6 gxf6 27. Rc1
Ne5 28. Bd5 Kf8 29. Rc3 Ke7 30. f4 Kd6 31. fxe5+ Kxd5 32. exf6 Ke5 33. Rc4 Kxf6
34. b4 Re7 35. bxc5 Rxe3 36. Kf2 Ra3 37. c6 Rxa2+ 38. Kf3 Ke5 39. c7 Ra3+ 40.
Kg2 Ra2+ 41. Kh3 1-0

[Event "Xtracon Chess Open 2017"]
[Site "Helsingor DEN"]
[Date "2017.07.27"]
[Round "7.90"]
[White "Schouten, Mathias Lind"]
[Black "Thogersen, Rasmus"]
[Result "0-1"]
[WhiteElo "1734"]
[BlackElo "2222"]
[WhiteFideId "1532790"]
[BlackFideId "1431412"]
[EventDate "2017.07.22"]

1. e4 c5 2. Nf3 d6 3. d4 cxd4 4. Nxd4 Nf6 5. Nc3 a6 6. Bc4 e6 7. Bb3 b5 8. Qf3
Bb7 9. a3 Nbd7 10. O-O Nc5 11. Re1 Nxb3 12. Nxb3 Be7 13. Qg3 Rc8 14. e5 dxe5 15.
Qxe5 Bd6 16. Qe2 Rc4 17. Bg5 h6 18. Bxf6 Qxf6 19. Na5 Bxh2+ 20. Kxh2 Rh4+ 21.
Kg1 Bxg2 22. Qe5 Bf3 0-1

[Event "Xtracon Chess Open 2017"]
[Site "Helsingor DEN"]
[Date "2017.07.27"]
[Round "7.91"]
[White "Aasen, Kjetil Myrlid"]
[Black "Quinones-Maletti, Julio Guillerm"]
[Result "1/2-1/2"]
[WhiteElo "1881"]
[BlackElo "2200"]
[WhiteFideId "1539027"]
[BlackFideId "1462318"]
[EventDate "2017.07.22"]

1. e4 c5 2. d4 cxd4 3. c3 Nf6 4. e5 Nd5 5. Bc4 Nb6 6. Bb3 g6 7. cxd4 Bg7 8. Bg5
d6 9. f4 O-O 10. Nc3 Na6 11. Nb5 Qe8 12. a4 dxe5 13. fxe5 Bd7 14. Qe2 Bxb5 15.
Qxb5 Qxb5 16. axb5 Nc7 17. Ne2 e6 18. Nc3 Ncd5 19. Nxd5 Nxd5 20. Bxd5 exd5 21.
O-O h6 22. Be7 Rfe8 1/2-1/2